000 00335nam a2200133Ia 4500
008 190216s9999||||xx |||||||||||||| ||und||
100 _aTatyana Volkova And Felix Volkov
245 0 _aWhat Is Surplus Value?
250 _a1st Ed.
260 _b"Progress Publishers, Moscow"
_c1986
300 _a302
650 _aEconomics
942 _cBK
999 _c9828
_d9828